000 00516nam a2200181Ia 4500
003 GCL
008 140319s9999 xx 000 0 ara d
040 _aGCL /
_cGCL
082 0 4 _a811.9
_bم ا
100 1 _aمحمود درويش
245 1 0 _aارى ما اريد /
_cمحمود درويش
260 _a[S.N] :
_bدار نويقال للنشر ،
_c1990
300 _a99 ص
490 _a
650 0 4 _aالشعر العربى
650 0 4 _aفقه اللغة العربية الحديثة
942 _2ddc
_cBK
999 _c55203
_d55203